Biskup s veľkým srdcom dr. Pavol Jantausch, prvý apoštolský administrátor trnavský

Bibliographic Details
Main Authors: Bosák, Ľubomír (Author, Editor), Kýška, Patrik (Author, Editor)
Format: Book
Language:Slovak
PhysicalDescription:301 s. faks., fotogr. 23 cm
Published: Bratislava Lúč 2017
ISBN:9788081790775 (brož.)
Subjects:

MARC

LEADER 00000nam a2200000 a 4500
001 vtls011727886
003 SK-MaSNL
005 20260425230639.0
008 200612s2017 xo ho g n 000 0bslo
015 |a SNBA2018/01 
020 |a 9788081790775 (brož.) 
035 |a urn:nbn:sk:snk-am00djyl 
035 |a urn:nbn:sk:snk-am3i4od 
035 |a 6FE1D8A6-887A-403E-B7C7-31380F13DAB0 
040 |a SNK  |b slo  |c SNK  |e AACR2 
041 0 |a slo 
043 |a e-xo--- 
044 |a xo  |c SK 
072 7 |a 27  |x Kresťanstvo. Kresťanská cirkev všeobecne. Ekleziológia  |2 konspekt 
072 7 |a 929  |x Biografie  |2 konspekt 
080 |a 27-726.2  |2 2001 
080 |a 27-4  |2 2011 
080 |a (437.6)  |2 2011 
080 |a (092)  |2 2011 
080 |a (082.2)  |2 2011 
080 |a 27-662:3  |2 2011 
080 |a 27-662:316.74  |2 2011 
080 |a 27-46  |2 2011 
100 1 |a Bosák, Ľubomír  |4 aut  |4 edt  |9 10179 
245 1 0 |a Biskup s veľkým srdcom  |b dr. Pavol Jantausch, prvý apoštolský administrátor trnavský  |c Ľubomír Bosák, Patrik Kýška 
260 |a Bratislava  |b Lúč  |c 2017 
300 |a 301 s.  |b faks., fotogr.  |c 23 cm 
366 |e 500 výtlačkov 
500 |a Vydané pre Slovenskú provinciu Kongregácie sestier premonštrátok 
504 |a Bibliografia na strane 279-286 ; bibliografické odkazy ; poznámky 
600 1 7 |a Jantausch, Pavol,  |d 1870-1947  |2 SNKMA  |9 168346 
648 7 |a 19.-20. stor.  |2 SNKPH  |9 268609 
648 7 |a 19th-20th centuries  |2 SNKPHeng  |9 282960 
650 0 7 |a biskupi  |2 SNKPH  |9 1760 
650 0 7 |a Bishops  |2 SNKPHeng  |9 287787 
650 0 7 |a cirkevný život  |2 SNKPH  |9 75120 
650 0 7 |a Church life  |2 SNKPHeng  |9 267761 
650 0 7 |a kresťanstvo a spoločnosť  |2 SNKPH  |9 4227 
650 0 7 |a Christianity and civilization  |2 SNKPHeng  |9 268313 
650 0 7 |a kresťanstvo a kultúra  |2 SNKPH  |9 66884 
650 0 7 |a Christianity and culture  |2 SNKPHeng  |9 316130 
650 0 7 |a pastorácia  |2 SNKPH  |9 1972 
650 0 7 |a Pastorate  |2 SNKPHeng  |9 266917 
651 7 |a Slovensko  |2 SNKPH  |9 14231 
651 7 |a Slovakia  |2 SNKPHeng  |9 92630 
655 7 |a biografie  |2 SNKPH  |9 27965 
655 7 |a Biography  |2 SNKPHeng  |9 266314 
655 7 |a jubilejné publikácie  |2 SNKPH  |9 70339 
655 7 |a Jubilee books  |2 SNKPHeng  |9 281827 
700 1 |a Kýška, Patrik  |4 aut  |4 edt  |9 65872 
700 1 |a Jantausch, Pavol,  |d 1870-1947  |4 hnr  |9 168346 
710 2 |a Premonštrátky.  |b Slovenská provincia  |4 pbl  |9 32162 
919 |a 978-80-8179-077-5 
958 |a NB 
958 |a BX 
958 |a NT 
999 |c 681813  |d 683743 
952 |a SNK  |b SNK  |y PREZ  |7 0  |p 17A1306383  |o snkSC 177392  |i snk2017/28049  |8 0  |0 0  |1 0  |4 0  |d 2017-12-18  |f 1  |l 0  |r 2025-09-18 00:00:00  |w 2026-02-23 
952 |a SNK  |b SNK  |y VYP  |7 0  |p 17A1306384  |o snkSC 177392 D1  |i snk2017/28050  |8 0  |0 0  |1 0  |4 0  |d 2017-12-18  |l 0  |r 2026-02-23 20:00:10  |w 2026-02-23